000
00292nam a2200121Ia 4500
008
240624s9999 xx 000 0 und d
041
_a
eng
082
_a
658.15 KHA
100
_a
KHAN M Y
245
_a
FINANCIAL SERVICES
250
_a
(4th ed.)
260
_c
2008
_a
New Delhi
_b
Tata McGraw- Hill
999
_c
13228
_d
13228